00315pab a2200121 454500008004000000100001600040245006700056260000900123300001200132362001200144650001100156773002600167180718b1999 xxu||||| |||| 00| 0 eng d aJoshi, G.P. aInsulating police reform political control - a critical review c1999 ap.45-53 aJan-Mar aPolice aIndian Police Journal